| 000 | 00761nam a22002297a 4500 | ||
|---|---|---|---|
| 005 | 20140910165839.0 | ||
| 010 | _aENG-109097 | ||
| 020 |
_a9788174469502 _c250.00 |
||
| 035 | _aEN-92630 | ||
| 035 | _aB-536535-538 | ||
| 037 | _bDBAD/PUB | ||
| 037 |
_bKBD/Ven _adpl |
||
| 082 | _a338.04 | ||
| 100 | _aJham, Vimi | ||
| 245 |
_aFootsteps of successful entrepreneurs : _cby Vimi Jham [and] Keerti Sharma _ba collection of case studies / |
||
| 260 |
_aNew Delhi _bExcel Books _c2011 |
||
| 270 |
_aA- 45, Naraina, Phase 1 _bNew Delhi _e110028 |
||
| 300 |
_axii,153p. _c22cm(pbk) |
||
| 700 | _aSharma, Keerti | ||
| 942 |
_2ddc _cEN _mJHA _h338.04 |
||
| 999 |
_c81888 _d81888 |
||